000 00368nam a2200133Ia 4500
005 20260328101446.0
008 260328s9999||||xx |||||||||||||| ||und||
100 _aMino, Yukata
245 0 _aBeauty and tranquility :
_b The Eli Lilly collection of Chinese art /
_cYukata Mino
260 _bIndianapolis Museum of Art
300 _a368 p.
650 _aARTE
942 _cBK
999 _c8468
_d8468